1880 1691 1319 1823 1781 1016 1247 1630 1784 1805 1374 1816 1253 1167 1475 1649 1509 1241 1638 1823 1016 1278 1500 1351 1738 1553 1038 1981 1795 1567 1694 1626 1555 1032 1932 1613 1695 1212 1799 1478 1719 1648 1399 1049 1777 1465 1833 1674 1959 1581 1562 1839 1084 1451 1614 1419 1960 1090 1697 1553 1756 1945 1109 1977 1325 1959 1751 1143 1849 1719 1523 1796 1205 1841 1026 1375 1412 1371 1939 1589 1904 1150 1345 1490 1888 1656 1347 1893 1338 1454 1126 1147 1149 1059 1865 1350 1195 1424 1794 BCNSPRNW ULIB Ver.6.0+V

เปลี่ยนเป็นภาษาไทย

Change to English
 แสดงรายละเอียดบรรณานุกรม
  กลับหน้าหลัก

Brief Record : Get Marc (ISO 2709) : E-mail record : QR code < ปิดหน้าต่าง
LEADER : 00000nam 2200000uu 4500
001    13399109075
003     ULIB
008    110321s2552||||th 000 0 tha d
020    9789744141064
060 04 WC515^bศ159ท 2552
100 0  ศรัญญู ชูศรี
245 10 ทำอย่างไรไม่ติดไข้หวัดใหญ่ 2009 ! /^cศรัญญู ชูศรี
250    พิมพ์ครั้งที่ 1
260    กรุงเทพฯ :^bดีไลท์พับลิชชิ่ง,^c2552
300    74 หน้า :^bภาพประกอบ ;^c21 ซม.
650  7 ไข้หวัดใหญ่สายพันธุ์ใหม่ 2009
650  7 ไข้หวัดใหญ่^xการป้องกันและควบคุม
945    ^p65^l0^i029866
945    ^p65^l0^i029865
995    ทศพร
999 ^a ใช้งานได้ทุกระบบ
รายการนี้ยังไม่มีแท็ก
คุณยังไม่ได้ล็อกอิน คุณสามารถมีกิจกรรมร่วมกับเว็บไซต์ได้ แต่ต้องล็อกอินก่อน ::
  ล็อกอิน

รายการสื่อสารสนเทศ

ลำดับที่ ประเภท เลขเรียก/บาร์โค้ด สถานที่ สถานะ
- ไม่พบข้อมูล -

รายการใกล้เคียง
    ผู้แต่ง [ศรัญญู ชูศรี]

    หัวเรื่อง [ไข้หวัดใหญ่สายพันธุ์ใหม่ 2009]

BibComment


ยังไม่เคยถูกคอมเมนท์

คอมเมนท์ทรัพยากรรายการนี้
  คอมเมนท์: ทำอย่างไรไม่ติดไข..


 Copyright 2026. Bcnsprnw @Library